000
00215 a2200097 4500
001
4916
100
_a
Humphrey,D
245
_a
elementry mechanics with hydrostatics
260
_a
_b
Longmans
_c
090
_c
4103
_d
4103
942
_a
NUST-CAE
_c
M
_c
30383
999
_c
239989
_d
239989